[Event "Caro Kann Blitz"]
[Site "SchemingMind.com"]
[Date "2008.02.03"]
[Round "-"]
[White "keen"]
[Black "Eduardo Lucas"]
[Result "1-0"]
[WhiteCountry "SCO"]
[BlackCountry "BRA"]
[WhiteElo "1759"]
[WhiteRD "65"]
[BlackElo "1627"]
[BlackRD "86"]
[GameID "140167"]

1. e4 c6 2. d4 d5 3. Nd2 e6 4. Ngf3 a6 5. Be2 Nd7 6. O-O Be7 7. Re1 Nb6 8. exd5 exd5 9. Bd3 Nf6 10. Qe2 Be6
11. Ne5 Nbd7 12. Ndf3 O-O 13. c3 c5 14. Nxf7 Bxf7 15. Qxe7 Qxe7 16. Rxe7
1-0

[Event "Caro Kann Blitz"]
[Site "SchemingMind.com"]
[Date "2008.02.03"]
[Round "-"]
[White "Schaakmaatje"]
[Black "Eduardo Lucas"]
[Result "1/2-1/2"]
[WhiteCountry "NED"]
[BlackCountry "BRA"]
[WhiteElo "1755"]
[WhiteRD "46"]
[BlackElo "1632"]
[BlackRD "89"]
[GameID "140168"]

1. e4 c6 2. d4 d5 3. Nc3 dxe4 4. Nxe4 Bf5 5. f3 e6 6. Be3 Nf6 7. Bd3 Bb4+ 8. c3 Be7 9. Ne2 O-O 10. Qc2 Nbd7
11. N2g3 Bg6 12. O-O Nb6 13. Kh1 Nbd5 14. Bg1 Nf4 15. Nxf6+ Bxf6 16. Ne4 Nxd3 17. Qxd3 Kh8 18. Qe2 Be7 19. Rae1 Bh4 20. g3 Be7
21. Be3 b6 22. Bf4 f5 23. Nd2 Bf7 24. Nc4 b5 25. Ne5 g5 26. Nxc6 Qd7 27. Be5+ Kg8 28. Nxe7+ Qxe7 29. Qxb5 a6 30. Qe2 Rfe8
31. Qc2 Qb7 32. Qb3 Qd7 33. Re2=
1/2-1/2

[Event "Caro Kann Blitz"]
[Site "SchemingMind.com"]
[Date "2008.02.03"]
[Round "-"]
[White "MotoXRider31"]
[Black "Eduardo Lucas"]
[Result "1-0"]
[WhiteCountry "USA"]
[BlackCountry "BRA"]
[WhiteElo "2224"]
[WhiteRD "80"]
[BlackElo "1627"]
[BlackRD "86"]
[GameID "140169"]

1. e4 c6 2. d4 d5 3. e5 Bf5 4. Nf3 e6 5. c3 c5 6. Be3 cxd4 7. Nxd4 Bg6 8. Nd2 f6 9. Nxe6 Qe7 10. Bb5+ Nc6
11. Nd4 Rc8 12. Qa4 fxe5 13. Nxc6 bxc6 14. Bxc6+ Rxc6 15. Qxc6+ Kf7 16. Qxd5+ Qe6 17. Qb7+ Be7 18. Nf3 Nf6 19. Ng5+
1-0

[Event "Caro Kann Blitz"]
[Site "SchemingMind.com"]
[Date "2008.02.03"]
[Round "-"]
[White "dcon"]
[Black "Eduardo Lucas"]
[Result "1-0"]
[WhiteCountry "RSA"]
[BlackCountry "BRA"]
[WhiteElo "2088"]
[WhiteRD "70"]
[BlackElo "1627"]
[BlackRD "86"]
[GameID "140171"]

1. e4 c6 2. d4 d5 3. Nc3 dxe4 4. Nxe4 Bf5 5. Qf3 Bg6 6. Bc4 e6 7. Ne2 Nf6 8. Nxf6+ Qxf6 9. Qxf6 gxf6 10. O-O Bg7
11. Re1 O-O 12. c3 Nd7 13. Be3 Nb6 14. Bb3 Nd5 15. Bd2 b5 16. Rac1 Rfc8 17. c4 bxc4 18. Bxc4 Rcb8 19. Bb3 Rc8 20. Ba4 Rab8
21. b3 Nb4 22. Bxb4 Rxb4 23. Rxc6 Ra8 24. Rec1 Rbb8 25. Rc7 Bh6 26. R1c5
1-0